000 00434nam a22001697a 4500
999 _c478399
_d478399
003 NUST
005 20180528071009.0
008 180528b ||||| |||| 00| 0 eng d
020 _a9781138126926
038 _aSNS Library
082 _a620
100 _aJames Trevelyan
_910545
245 _aThe Making of an Expert Engineer
_cJames Trevelyan
260 _aLondon
_bCRC Press
_c2016
300 _a581 P.
_bPb.
942 _2ddc
_cBK